000 01195nam a2200325Ia 4500
003 GCL
008 140319s9999 xx 000 0 ara d
020 _a9083841977
040 _aGCL /
_cGCL
082 0 4 _a909
_bش و
100 1 _aشوقى عطاالله الجمل
245 1 0 _aالوثائق التاريخية :
_bدراسة تحليلية /
_cشوقى عطاالله الجمل
700 1 _aعبدالله عبدالرازق ابراهيم
250 _aالاولى
260 _aالقاهرة :
_bالمكتب المصرى لتوزيع المطبوعات ،
_c2004
300 _a344 ص ؛
_c24 سم
650 0 4 _aالاتفاقيات الدولية
650 0 4 _aالمعاهدات
650 0 4 _aالوثائق
650 0 4 _aالوثائق - تاريخ
650 0 4 _aالوثائق السياسية
650 0 4 _aحقوق الانسان - قانون دولى
650 0 4 _aالمخطوطات - تاريخ - مصر
650 0 4 _aالتصديق الرسمى
650 0 4 _aمصر - معاهدات
650 0 4 _aالعالم العربى - معاهدات
650 0 4 _aافريقيا - معاهدات
650 0 4 _aاوربا - معاهدات
942 _2ddc
_cBK
999 _c8325
_d8325